000 00703nam a2200229 a 4500
999 _c3777
_d3777
001 3777
003 BD-JhCC
005 20221110134023.0
008 171118s2009 bg ||||| |||| 00| 0 ben d
020 _a984701120058
035 _a(BD-JhCC)3777
040 _aBD-JhCC
_dBD-JhCC
041 _aben
082 _a891.4435
_bKAF 2009
245 _aকাফকার শ্রেষ্ঠ গল্প /
_c জুলফিকার নিউটন (অনু.)
260 _aঢাকা :
_bঝিনুক প্রকাশনী,
_c2009.
300 _a368 p p. :
_c21 cm.
650 _aBengali Stories
700 _aনিউটন, জুলফিকার
942 _2ddc
_cBK
_01